Avaluación de inmuebles / (Registro nro. 7918)
[ vista simple ]
| 000 -LEADER | |
|---|---|
| fixed length control field | 01654nam a2200193Ia 4500 |
| 003 - CONTROL NUMBER IDENTIFIER | |
| control field | OSt |
| 005 - DATE AND TIME OF LATEST TRANSACTION | |
| control field | 20210603103439.0 |
| 008 - FIXED-LENGTH DATA ELEMENTS--GENERAL INFORMATION | |
| fixed length control field | 210310s1971 ck gr 000 0 spa d |
| 040 ## - CATALOGING SOURCE | |
| Original cataloging agency | CO-JMCR |
| Transcribing agency | CO-JMCR |
| 041 0# - LANGUAGE CODE | |
| Language code of text/sound track or separate title | spa |
| 082 04 - DEWEY DECIMAL CLASSIFICATION NUMBER | |
| Classification number | 346.8610437 / |
| Item number | W651a |
| Edition number | 23 |
| 100 1# - MAIN ENTRY--PERSONAL NAME | |
| Personal name | Wiesner Rozo, Guillermo, |
| 9 (RLIN) | 15816 |
| Relator term | autor |
| 245 10 - TITLE STATEMENT | |
| Title | Avaluación de inmuebles / |
| Statement of responsibility, etc. | Guillermo Wiesner Rozo |
| 260 ## - PUBLICATION, DISTRIBUTION, ETC. | |
| Place of publication, distribution, etc. | Bogotá : |
| Name of publisher, distributor, etc. | Cromos, |
| Date of publication, distribution, etc. | 1971 |
| 300 ## - PHYSICAL DESCRIPTION | |
| Extent | 237 páginas ; |
| Dimensions | 24 cm. |
| 505 0# - FORMATTED CONTENTS NOTE | |
| Formatted contents note | Fijación de criterios o principios generales -- Las cosas valen lo que den por ellos -- Diversos motivos para solicitar un avalúo -- La influencia de la ley de la Oferta y la Demanda -- Los avalúos catastrales -- La incidencia de disposiciones o medidas gubernamentales en el valor de los inmuebles -- La desvalorización de la moneda frente a la valoración de los inmuebles -- Motivos de valorización y desvalorización -- Normas básicas para determinar el valor de un inmueble -- Bases para evaluar un lote sub-urbano -- Estudios y cálculos para avaluar un terreno sin urbanizar -- Bases para avaluar un lote urbano -- Bases para avaluar una casa -- Fundamentos generales para avaluar un edificio -- Avalúo de un edificio constituido en propiedad horizontal -- Avalúo de la unidad de un edificio dividido en propiedad horizontal -- Bases generales para determinar el valor de una propiedad rural -- Avalúo de una finca recreo -- Avalúos de renta -- Estudios económicos sobre la construcción de un edificio -- Precios promedios de los varios sectores o urbanizaciones en que se divide Bogotá |
| 650 14 - SUBJECT ADDED ENTRY--TOPICAL TERM | |
| Topical term or geographic name entry element | Bienes raices |
| 9 (RLIN) | 15818 |
| General subdivision | Valorización |
| 942 ## - ADDED ENTRY ELEMENTS (KOHA) | |
| Source of classification or shelving scheme | Dewey Decimal Classification |
| Koha item type | Books |
| Withdrawn status | Lost status | Source of classification or shelving scheme | Damaged status | Not for loan | Collection code | Home library | Current library | Date acquired | Source of acquisition | Full call number | Barcode | Date last seen | Copy number | Koha item type |
|---|---|---|---|---|---|---|---|---|---|---|---|---|---|---|
| Dewey Decimal Classification | Non-fiction | Biblioteca Pública José María del Castillo y Rada | Biblioteca Pública José María del Castillo y Rada | 04/15/2018 | Donación | 346.8610437 / W651a | 430003580 | 05/16/2024 | Ej.1 | Books |